000 00604nam a22001937a 4500
005 20170124151126.0
010 _aENG-117153
020 _a9789386050984
_c399.00
035 _aEN-100685
037 _bDBAD/PUB
082 _a921
100 _aMalika Amar,Shekh
245 _aI want to destroy myself :
_cby Malika Amar Shaikh ; Transleted by Jerry Pinto
_b a memoir /
260 _c2016
_aNew Delhi
_bSpeaking Tiger Publishing
270 _a4381/4,Ansari Road,Daryaganj
_bNew Delhi
_e110002
300 _c20cm(Hb)
_a200p.
700 _aPinto, Jerry
942 _cEN
_2ddc
_h921
_mMAL
999 _c137206
_d137206